Största städerna i Sverige - Statistics

General Stats
  • This quiz has been taken 137 times
  • The average score is 12 of 15
Answer Stats
befolkning stad % Correct
1 372 565 Stockholm
100%
280 415 Malmö
99%
549 839 Göteborg
97%
140 454 Uppsala
88%
89 396 Jönköping
81%
87 247 Norrköping
80%
79 594 Umeå
79%
107 038 Örebro
78%
104 232 Linköping
77%
97 122 Helsingborg
75%
82 800 Lund
73%
110 877 Västerås
72%
71 000 Gävle
55%
66 273 Borås
51%
64 679 Eskilstuna
47%
No matching quizzes found
Score Distribution
Percent of People with Each Score
Percentile by Number Answered
Your Score History
You have not taken this quiz